History Quiz

Random History or State Quiz
Score 0/50 Timer 08:00
0 Plays Today
Senator State % Correct
Sam HoustonTexas
83.4%
Albert Gore, Sr.Tennessee
76.9%
Strom ThurmondSouth Carolina
76.8%
Robert F. KennedyNew York
75.5%
Robert ByrdWest Virginia
68%
Huey LongLouisiana
66.1%
Barry GoldwaterArizona
65.3%
Bob DoleKansas
64.4%
Jefferson DavisMississippi
63.4%
Stephen A. DouglasIllinois
62.6%
H. John Heinz IIIPennsylvania
61.6%
Jesse HelmsNorth Carolina
58.9%
Bill BradleyNew Jersey
57.3%
Tom DaschleSouth Dakota
55.6%
Birch BayhIndiana
55.3%
Robert A. TaftOhio
53.9%
Prescott BushConnecticut
53.1%
Henry ClayKentucky
53.1%
Daniel WebsterMassachusetts
49.8%
Leland StanfordCalifornia
49.4%
Hiram FongHawaii
46.3%
Richard Henry LeeVirginia
46%
Sam NunnGeorgia
43.6%
Eugene McCarthyMinnesota
43.1%
Franklin PierceNew Hampshire
42.5%
Senator State % Correct
Bob KerreyNebraska
42%
Gary HartColorado
41.8%
Robert M. La Follette, Sr.Wisconsin
41.1%
Jim JeffordsVermont
37.4%
Mike GravelAlaska
37.2%
Pete DomeniciNew Mexico
35.4%
Bob PackwoodOregon
35.2%
Alan K. SimpsonWyoming
34.4%
Margaret Chase SmithMaine
32.8%
J. William FulbrightArkansas
28.2%
Henry 'Scoop' JacksonWashington
27.8%
Claude PepperFlorida
27%
Frank ChurchIdaho
25.8%
Claiborne PellRhode Island
25.3%
Thomas Hart BentonMissouri
24%
Hugo BlackAlabama
23.3%
William V. Roth, Jr.Delaware
23%
Don NicklesOklahoma
22.4%
Mike MansfieldMontana
21.8%
Jake GarnUtah
20.2%
William PinkneyMaryland
18.2%
Arthur H. VandenbergMichigan
17.6%
Quentin N. BurdickNorth Dakota
16.3%
Albert B. CumminsIowa
15.5%
Key PittmanNevada
13.5%

You're not logged in!

Compare scores with friends on all Sporcle quizzes.
OR
Log In

Sporcle TV

Today on Sporcle TV


Watch our educational content, quiz creation guides, and fun videos on Sporcle TV.

Show Comments

Extras

Top Quizzes Today


Score Distribution

Paid Content

Your Account Isn't Verified!

In order to create a playlist on Sporcle, you need to verify the email address you used during registration. Go to your Sporcle Settings to finish the process.

Report this User

Report this user for behavior that violates our Community Guidelines.

Details: